[Event "Foment Martinenc op-A 15th"]
[Site "Barcelona"]
[Date "2013.04.20"]
[Round "1"]
[White "Rahal, Joe"]
[Black "Ventura Bolet, Maxim"]
[Result "1-0"]
[WhiteElo "1749"]
[BlackElo "2027"]
[PlyCount "145"]
[EventDate "2013.04.20"]
[EventType "swiss"]
[EventRounds "9"]
[EventCountry "ESP"]
[SourceTitle "CBM 154 Extra"]
[Source "ChessBase"]
[SourceDate "2013.06.25"]
[SourceVersion "2"]
[SourceVersionDate "2013.06.25"]
[SourceQuality "1"]

1. Nf3 d5 2. c4 e6 3. g3 Nf6 4. Bg2 Be7 5. 0-0 0-0 6. b3 d4 7. Bb2 c5 8. d3 Nc6 9. Re1 e5 10. e4 Ne8 11. a3 Qc7 12. Bc1 f5 13. Ng5 h6 14. exf5 Bxg5 15. Bd5+ Rf7 16. Bxg5 hxg5 17. g4 a5 18. Nd2 Nd6 19. Nf3 Kf8 20. Bxf7 Nxf7 21. Kg2 Qd6 22. h4 g6 23. fxg6 Qxg6 24. h5 Qf6 25. Nh2 Ncd8 26. Qf3 Qd6 27. Qe4 Ne6 28. f3 Nf4+ 29. Kf2 Bd7 30. Nf1 Bc6 31. Qf5 e4 32. dxe4 Nd3+ 33. Kg2 Bd7 34. Qh7 Nxe1+ 35. Rxe1 Qh6 36. Qxh6+ Nxh6 37. Ng3 a4 38. Rb1 Bc6 39. b4 cxb4 40. Rxb4 d3 41. Nf1 Rd8 42. Nd2 Ke7 43. Kf2 Kd6 44. Ke3 Kc5 45. e5 Nf7 46. e6 Re8 47. Ne4+ Bxe4 48. exf7 Rf8 49. Kxe4 d2 50. Rb5+ Kxc4 51. Rd5 Kc3 52. Rc5+ Kb2 53. Rd5 Kc1 54. Rc5+ Kd1 55. Rxg5 Ke1 56. Rd5 Rxf7 57. g5 d1Q 58. Rxd1+ Kxd1 59. g6 Re7+ 60. Kf5 b5 61. h6 b4 62. h7 Re8 63. g7 b3 64. h8Q b2 65. Qxe8 b1Q+ 66. Qe4 Qb5+ 67. Kg6 Qb6+ 68. Kh7 Qc7 69. Qxa4+ Kc1 70. f4 Qe7 71. Qc4+ Kd1 72. Qd5+ Kc1 73. Qg5 1-0

[Event "Sabadell Coral Colon op 5th"]
[Site "Sabadell"]
[Date "2011.03.18"]
[Round "7"]
[White "Sans Font, Marc"]
[Black "Rahal, Joe"]
[Result "0-1"]
[WhiteElo "1575"]
[BlackElo "1801"]
[PlyCount "98"]
[EventDate "2011.02.04"]
[EventType "swiss"]
[EventRounds "9"]
[EventCountry "ESP"]
[SourceTitle "EXT 2013"]
[Source "ChessBase"]
[SourceDate "2012.11.22"]
[SourceVersion "1"]
[SourceVersionDate "2012.11.22"]
[SourceQuality "1"]

1. d4 d5 2. c4 c6 3. Nc3 Nf6 4. Nf3 e6 5. e3 Bb4 6. Bd3 dxc4 7. Bxc4 Qa5 8. Bd2 Nd5 9. Qc2 Nd7 10. 0-0 0-0 11. Bd3 f5 12. Nxd5 cxd5 13. Bxb4 Qxb4 14. Ng5 Qe7 15. Nh3 Nf6 16. f3 Bd7 17. Qc5 Qf7 18. Qd6 h6 19. Nf2 Rfd8 20. Qe5 Bc6 21. e4 Nd7 22. Qf4 dxe4 23. Nxe4 fxe4 24. Qxf7+ Kxf7 25. fxe4+ Kg8 26. Bc4 Nf8 27. Rad1 Bxe4 28. b3 Bd5 29. Bd3 Nd7 30. Rf4 Rf8 31. Rg4 Rf6 32. Bb5 Nf8 33. Bd3 Rc8 34. Rg3 Kf7 35. h4 a6 36. Re3 g6 37. Kh2 Kg7 38. Rd2 Rc7 39. g4 Rcf7 40. Kg1 Rf3 41. Rxf3 Rxf3 42. Kh2 Rf4 43. Kg3 Rxd4 44. g5 hxg5 45. Kf2 Be4 46. Ke3 Rxd3+ 47. Rxd3 Bxd3 48. Kxd3 gxh4 49. Ke3 Kf6 0-1

[Event "Cerdanyola del Valles op 28th"]
[Site "Cerdanyola del Valles"]
[Date "2010.10.30"]
[Round "5"]
[White "Rahal, Joe"]
[Black "Corretja Torrens, Jordi"]
[Result "1-0"]
[WhiteElo "1778"]
[BlackElo "1844"]
[PlyCount "57"]
[EventDate "2010.10.02"]
[EventType "swiss"]
[EventRounds "7"]
[EventCountry "ESP"]
[SourceTitle "EXT 2012"]
[Source "ChessBase"]
[SourceDate "2011.11.24"]
[SourceVersion "1"]
[SourceVersionDate "2011.11.24"]
[SourceQuality "1"]

1. Nf3 d5 2. c4 c6 3. b3 Nf6 4. g3 Bg4 5. Bg2 e6 6. 0-0 Bd6 7. Bb2 0-0 8. d3 Nbd7 9. Nbd2 h6 10. e4 Bxf3 11. Bxf3 Ne5 12. Be2 Ng6 13. exd5 exd5 14. Qc2 Re8 15. Nf3 a5 16. Rae1 Ne5 17. Nh4 Qd7 18. d4 Neg4 19. Kg2 Ne4 20. Bxg4 Qxg4 21. f3 Qg5 22. fxe4 Rxe4 23. Rxe4 dxe4 24. Qxe4 a4 25. Bc1 Qh5 26. c5 Bc7 27. b4 g5 28. Qf3 g4 29. Qe4 1-0

[Event "Cerdanyola del Valles op 28th"]
[Site "Cerdanyola del Valles"]
[Date "2010.10.16"]
[Round "3"]
[White "Giralt Toro, Julio"]
[Black "Rahal, Joe"]
[Result "0-1"]
[WhiteElo "1650"]
[BlackElo "1778"]
[PlyCount "110"]
[EventDate "2010.10.02"]
[EventType "swiss"]
[EventRounds "7"]
[EventCountry "ESP"]
[SourceTitle "EXT 2012"]
[Source "ChessBase"]
[SourceDate "2011.11.24"]
[SourceVersion "1"]
[SourceVersionDate "2011.11.24"]
[SourceQuality "1"]

1. b4 Nf6 2. Bb2 g6 3. e4 d6 4. Nf3 Bg7 5. d4 0-0 6. Nbd2 Nbd7 7. e5 dxe5 8. dxe5 Ng4 9. Nc4 b5 10. Na5 Ndxe5 11. Nxe5 Nxe5 12. Qe2 Qd6 13. a3 Nf3+ 14. Qxf3 Bxb2 15. Rd1 Qe5+ 16. Be2 Bc3+ 17. Kf1 Bf5 18. Rd5 Qg7 19. Bxb5 Rad8 20. Bd3 e6 21. Rc5 Bxd3+ 22. cxd3 Qd4 23. Ke2 Bxb4 24. axb4 Qxb4 25. Qe3 Rd5 26. Rhc1 Rxc5 27. Qxc5 Qg4+ 28. Kf1 Rd8 29. f3 Qa4 30. Ke2 Rd5 31. Qxc7 Rxa5 32. Qc8+ Kg7 33. Qc3+ f6 34. Qc7+ Kh6 35. f4 Qa2+ 36. Rc2 Qd5 37. g4 Qg2+ 38. Ke3 Qh3+ 39. Ke4 Ra4+ 40. Rc4 Rxc4+ 41. dxc4 Qxg4 42. Qxa7 Qe2+ 43. Qe3 Qxc4+ 44. Kf3 Qd5+ 45. Kf2 Qf5 46. Kg3 g5 47. Qa3 Qxf4+ 48. Kg2 Qe4+ 49. Kg1 Kh5 50. Qh3+ Kg6 51. Qb3 Qd5 52. Qb8 Qd7 53. Qb1+ f5 54. Qb3 Qd4+ 55. Kg2 Qd5+ 0-1

[Event "Llinars del Valles op-B 4th"]
[Site "Llinars del Valles"]
[Date "2010.05.01"]
[Round "4"]
[White "Farell Duran, Josep"]
[Black "Rahal, Joe"]
[Result "0-1"]
[WhiteElo "1537"]
[BlackElo "1762"]
[PlyCount "102"]
[EventDate "2010.04.10"]
[EventType "swiss"]
[EventRounds "7"]
[EventCountry "ESP"]
[SourceTitle "EXT 2012"]
[Source "ChessBase"]
[SourceDate "2011.11.24"]
[SourceVersion "1"]
[SourceVersionDate "2011.11.24"]
[SourceQuality "1"]

1. Nf3 g6 2. d3 b6 3. g3 Bb7 4. Bg2 Bg7 5. 0-0 Nf6 6. c4 0-0 7. Nc3 d6 8. Rb1 Nbd7 9. Bd2 c6 10. Re1 d5 11. cxd5 Nxd5 12. Nxd5 cxd5 13. Bc3 e5 14. Qd2 Re8 15. Rbc1 Rc8 16. b3 h6 17. Bb2 Qe7 18. a4 Qe6 19. b4 Nb8 20. a5 bxa5 21. bxa5 Kh7 22. Rb1 Rc7 23. Rec1 Rec8 24. Rxc7 Rxc7 25. Bc1 Qc8 26. Bb2 f6 27. Ba3 Bf8 28. Bxf8 Qxf8 29. Bh3 Qd6 30. Rc1 Rc6 31. Rb1 Rc7 32. Qb4 Qxb4 33. Rxb4 a6 34. Be6 d4 35. Rc4 Rxc4 36. dxc4 Nc6 37. Bd5 Nxa5 38. Bxb7 Nxb7 39. Nd2 Nc5 40. Kf1 Kg7 41. Ke1 f5 42. h4 Kf6 43. Kd1 e4 44. Kc2 Ke5 45. Nb3 Nxb3 46. Kxb3 a5 47. f4+ Kd6 48. Kc2 a4 49. Kb2 Kc5 50. Ka3 h5 51. Kxa4 Kxc4 0-1

[Event "ESP-ch Universities"]
[Site "Spain"]
[Date "1994.??.??"]
[Round "2"]
[White "Rahal, Joe"]
[Black "Castillo, Sergio"]
[Result "1-0"]
[WhiteElo "2310"]
[BlackElo "2130"]
[PlyCount "57"]
[EventDate "1994.??.??"]
[EventType "swiss"]
[EventRounds "9"]
[EventCountry "ESP"]
[SourceTitle "EXT 2004"]
[Source "ChessBase"]
[SourceDate "2003.11.25"]
[SourceVersion "1"]
[SourceVersionDate "2003.11.25"]
[SourceQuality "1"]

1. g3 d5 2. Bg2 e5 3. d3 Nf6 4. Nf3 Nc6 5. 0-0 Be7 6. c4 dxc4 7. dxc4 0-0 8. Nc3 Be6 9. b3 h6 10. Bb2 Nd7 11. Nd5 Bf6 12. Nxf6+ Qxf6 13. Qd2 Rad8 14. Rad1 Rfe8 15. Qe3 a5 16. Rd2 a4 17. Rfd1 axb3 18. axb3 Bg4 19. h3 Bxf3 20. Bxf3 Qe7 21. Kh2 e4 22. Bg2 f5 23. Qf4 Nc5 24. Qxf5 Rxd2 25. Rxd2 Nxb3 26. Rd7 Qf8 27. Rxg7+ Qxg7 28. Bxg7 Kxg7 29. Bxe4 1-0